000 00341nam a22001577a 4500
003 SGT
020 _a9789356969131
082 _a612.015
_bB25M
100 _aMALHOTRA, V.K.
245 _aBIOCHEMISTRY FOR STUDENTS
250 _a14TH
260 _aINDIA
_bJAYPEE PUB
_c2025
300 _a408
650 _aBIOCHEMISTRY
942 _2ddc
_cBK
999 _c33476
_d33476